000 00747nam0a22002411 4500
001 rc\4287238
005 20250611151038.0
021 _aRU
_bП838-59
035 _a(NLR Aleph) 008250333
090 _a8331951
_c8331951
100 _a20130416d1958 |||y0rusy50 ca
101 0 _arus
102 _aRU
105 _ay z |||||
200 1 _aБезогарковая сварка
_fГорьковский экон. адм. район. Центр. бюро техн. информации
210 _a[Горький]
_cБ. и.
_d1958
225 1 _aТехнический листок
_v№ 55
702 1 _aЧернов
_bН.Н.
_4220
801 0 _aRU
_bNLR
_gpsbo
801 1 _aRU
_bELAR
_2rusmarc
852 _aNLR
_jП49/429
942 _cBOOK
980 _aNB